| 000 | 01302nam a2200229 a 4500 | ||
|---|---|---|---|
| 001 | BRCA_8749 | ||
| 005 | 20190320210407.0 | ||
| 008 | 100317s1784----sp-#######---#000-0#spa-# | ||
| 041 | _aspa | ||
| 044 | _asp | ||
| 084 |
_aBE112 _b.P68 1784 |
||
| 100 | 1 |
_aPouget, Francisco Amado _921361 |
|
| 245 | 1 | 0 |
_aInstrucciones generales en forma de catecismo _ben las quales, por la sagrada escritura y tradición, se explica en compendio la historia y los dogmas de la religión, la moral christiana, los sacramentos, la oración, las ceremonias y usos de la iglesia _cPor el P. Francisco Amado Poguet, Presbítero del Oratorio, Doctor de la Soborna y Abad de Chambon; Traducidas ahora nuevamente en Castellano sobre la Edición original del 1702, con acuerdo del Excmo. Sr. D. Francisco Antonio Lorenzana, Arzobispo de Toledo, Primado de las Españas: po D. Francisco Antonio de Escartin y Carrea. |
| 260 |
_aMadrid _bEn la Imprenta Real _c1784 |
||
| 300 |
_a415 p. (t.2) _c20 x 14.3 cm. |
||
| 500 | _aContiene: con dos catecismos abreviados para uso de los niños | ||
| 500 | _aEstado físico: presenta encuadernación en pergamino, con lomo desprendido | ||
| 700 | 1 |
_aLorenzana, Francisco Antonio _921787 |
|
| 700 | 1 |
_aEscartin y Carrera, Francisco Antonio de _921788 |
|
| 902 | _aCFM | ||
| 942 |
_2lcc _cB |
||
| 999 |
_c8401 _d8401 |
||